000 00301nam a2200133Ia 4500
100 _aHogg/R. V ;Craig/A.T
942 _cBK
654 _aStatistics
245 _aIntrd. To Mathematical Statistics
260 _bAmerind Publ. Co
_aDelhi
_c1972
082 _a519.5
300 _a415
546 _aENGLISH
999 _c34444
_d34444